| 000 | 00735nam a22002297a 4500 | ||
|---|---|---|---|
| 005 | 20251108173655.0 | ||
| 008 | 250721s2002 xx 000 0 ara d | ||
| 020 | _a9960400697 | ||
| 082 | 1 | 4 | _a923.573/أكس |
| 100 | 1 | _aأكسيلرود، ألن | |
| 245 | 1 | 0 | _aقواعد الجنرال باتون :دروس في القيادة الاستراتيجية و الريادة / |
| 264 | 1 |
_aالرياض : _bمكتبة العبيكان، _c2002. |
|
| 300 | _a366 ص. | ||
| 650 | 1 | 7 | _aالتراجم |
| 650 | 1 | 7 | _aالقادة |
| 650 | 1 | 7 | _aالقيادة |
| 650 | 1 | 7 | _aالإدارة |
| 650 | 1 | 7 | _aالتخطيط الإستراتيجي |
| 700 | 1 |
_aالنابلسي، هالة _eTran. |
|
| 942 |
_2ddc _cBK |
||
| 999 |
_c109644 _d109644 |
||